| 000 | 01163nam a22002177a 4500 | ||
|---|---|---|---|
| 005 | 20210414114003.0 | ||
| 008 | 120608t xxu||||| |||| 00| 0 eng d | ||
| 020 | _a13 978 0324594775 | ||
| 050 | _aHF5657.B74 | ||
| 100 | _aBrooks, Leonard J. | ||
| 245 |
_aBusiness and professional ethics for directors, executives and accountants. / _cLeonard J Brooks and Paul Dunn |
||
| 250 | _a5th edition | ||
| 260 |
_aCanada: _bSouth Western; Cengage learning, _c2010. |
||
| 300 |
_axix, 575p.: _bill.; _c26cm. |
||
| 500 | _aIncludes index | ||
| 505 | _aContents: The Ethics environment: Ethics expectation -- Enron events motivate governance and ethics reform -- Ethical behaviour: Ethical behaviour - philosophers' contributions -- Practical ethical decision making -- Ethical governance, accountability and management: Corporate ethical governance and accountability -- Professional accounting in the public interst, post-enron -- Managing ethics risks and opportunities -- Subprime lending fiasco-ethics issues. | ||
| 650 |
_aAccountants _xProfessional ethics |
||
| 650 |
_a Accounting -- _xMoral and ethical aspects. |
||
| 700 | _aDunn, Paul | ||
| 942 |
_2lcc _cBK |
||
| 999 |
_c1180 _d8680 |
||